Психоаналіз і літературознавство (Запис № 322419)

МАРК-запис
000 -Лідер
fixed length control field 00741nam a22002537a 4500
001 - Контрольний номер
control field 36168
003 - Ідентифікатор контрольного номера
control field UA-OsUOA
005 - Дата та час останнього входження (трансакції)
control field 20230504161230.0
007 - Фіксоване поле фізичного опису
fixed length control field ta
008 - Елементи даних фіксованої довжини – загальна інформація
fixed length control field 20060119b un ||||| |||| 00| 0 ukr d
020 ## - Міжнародний стандартний книжковий номер (ISBN)
Міжнародний стандартний книжковий номер (ISBN) (НП) 9668226054
040 ## - Джерело каталогізації
Агенція оригінальної каталогізації UA-OsUOA
Мова каталогізації ukr
Агенція, яка здійснювала перезапис UA-OsUOA
Агенція, яка здійснювала модифікацію UA-OsUOA
041 ## - Код мови
Код мови тексту/ звукової доріжки чи окремого заголовка (П) ukr
080 ## - Індекс Універсальної десяткової класифікації
Індекс Універсальної десяткової класифікації (УДК) (НП) 159.964.2+82
090 ## - Локальний шифр розміщення
Класифікаційний індекс УДК 159.964.2+82
Авторський знак (НП) З-41
100 ## - Основне введення – ім’я особи
Ім’я особи (НП) Зборовська Н. В.
245 ## - Відомості про назву
Назва (НП) Психоаналіз і літературознавство
Решта назви (НП) посібник
260 ## - Публікація, розповсюдження і т.п. (Вихідні дані)
Місце публікації, розповсюдження і т.п. (П) К.
Ім’я/ наймення видавництва, розповсюджувача і т.п. (П) Академвидав
Дата публікації, розповсюдження і т.п. (П) 2003
300 ## - Фізичний опис
Обсяг 392 с.
650 #7 - Додаткове предметне введення – тематичний термін
Тематичний термін чи географічна назва, як елемент введення (НП) 159.9 Психологія
Джерело заголовка чи терміна UDC
942 ## - Додаткові елементи входу (Коха)
Тип елемента Koha Книги
Source of classification or shelving scheme Universal Decimal Classification
955 ## - Код типу видання за змістом
Код типу видання за змістом (НП) Навчальні видання
Фонди
Стан вилучень Стан втрат Джерело класифікації або схеми стелажів Стан уражень Не для кредиту Постійне місце розташування Поточне розміщення Дата придбання Джерело придбання Вартість, звичайна ціна покупки Інвентарний номер Усього замовленно Повний номер виклику Штрих-код Дата останнього перегляду Ціна ефективна від Тип елемента Koha Перевірено Дата останньої перевірки
    Universal Decimal Classification     ЧЗ - Читальна зала ЧЗ - Читальна зала 19/01/2006 4/2006 24.00 89858   159.964.2+82 З-41 89858 09/02/2022 19/01/2006 Книги    
    Universal Decimal Classification     ЧЗ - Читальна зала ЧЗ - Читальна зала 19/01/2006 4/2006 24.00 89859   159.964.2+82 З-41 89859 09/02/2022 19/01/2006 Книги    
    Universal Decimal Classification     ЧЗ - Читальна зала ЧЗ - Читальна зала 19/01/2006 5/2006 23.80 89892   159.964.2+82 З-41 89892 09/02/2022 19/01/2006 Книги    
    Universal Decimal Classification     ЧЗ - Читальна зала ЧЗ - Читальна зала 19/01/2006 5/2006 23.80 89893   159.964.2+82 З-41 89893 09/02/2022 19/01/2006 Книги    
    Universal Decimal Classification     ЧЗ - Читальна зала ЧЗ - Читальна зала 16/10/2007 170/2007 20.00 108683   159.964.26+82.09 З-41 108683 09/02/2022 16/10/2007 Книги    
    Universal Decimal Classification     ЧЗ - Читальна зала ЧЗ - Читальна зала 16/10/2007 170/2007 20.00 108684   159.964.26+82.09 З-41 108684 09/02/2022 16/10/2007 Книги    
    Universal Decimal Classification     ЧЗ - Читальна зала ЧЗ - Читальна зала 16/10/2007 170/2007 20.00 108685   159.964.26+82.09 З-41 108685 09/02/2022 16/10/2007 Книги    
    Universal Decimal Classification     ЧЗ - Читальна зала ЧЗ - Читальна зала 16/10/2007 170/2007 20.00 108686   159.964.26+82.09 З-41 108686 09/02/2022 16/10/2007 Книги    
    Universal Decimal Classification     ЧЗ - Читальна зала ЧЗ - Читальна зала 16/10/2007 170/2007 20.00 108687 1 159.964.26+82.09 З-41 108687 23/07/2019 16/10/2007 Книги 21/10/2019 23/07/2019
    Universal Decimal Classification     ЧЗ - Читальна зала ЧЗ - Читальна зала 12/11/2008 152/2008 37.50 116923   159.964.26+82.09 З-41 116923 09/02/2022 16/10/2007 Книги    
    Universal Decimal Classification     ЧЗ - Читальна зала ЧЗ - Читальна зала 12/11/2008 152/2008 37.50 116924   159.964.26+82.09 З-41 116924 09/02/2022 16/10/2007 Книги